[Event "Western Asia-ch U20"]
[Site "Colombo"]
[Date "2023.12.03"]
[Round "6"]
[White "Mujahid, Bin Yazeed"]
[Black "Galkotuwa, KARGWDRBG"]
[Result "1-0"]
[WhiteElo "1832"]
[BlackElo "1532"]
[PlyCount "83"]
[EventDate "2023.11.30"]
[EventType "swiss"]
[EventRounds "9"]
[EventCountry "SRI"]
[SourceTitle "CB50_2023"]
[SourceDate "2023.12.13"]
[SourceVersion "1"]
[SourceVersionDate "2023.12.13"]
[SourceQuality "1"]

1. e4 c5 2. Nc3 Nc6 3. Nf3 g6 4. d4 cxd4 5. Nxd4 Bg7 6. Be3 d6 7. Nb3 Nf6 8. Be2 a6 9. 0-0 b5 10. f4 Bb7 11. Bf3 Qc7 12. g4 e6 13. Qe2 h5 14. g5 Nd7 15. a3 Nb6 16. a4 bxa4 17. Nxa4 Nxa4 18. Rxa4 Bxb2 19. c3 Bxc3 20. Rc1 Bg7 21. Na5 Qd7 22. Nxb7 Qxb7 23. Qd3 0-0 24. Qxd6 Qb3 25. Ra3 Qb2 26. Rxc6 Rfd8 27. Raxa6 Rxd6 28. Rxa8+ Kh7 29. Rxd6 Qb7 30. Ra7 Qb4 31. Rd1 Kg8 32. Kf2 Bc3 33. Rd8+ Kg7 34. Rdd7 Qb2+ 35. Be2 Qb1 36. Rxf7+ Kg8 37. Rfb7 Qe1+ 38. Kf3 Bb4 39. Rb8+ Bf8 40. Bd4 e5 41. Bc4+ Kh8 42. Bxe5# 1-0